000 00470pab a2200193 454500
008 180718b2011 xxu||||| |||| 00| 0 eng d
100 _aGruzd, Anatoliy
245 _aImagining twitter as an imagined community
260 _c2011
300 _ap.1294-1318.
362 _aOct
650 _aInternet
650 _aCommunities
700 _aTakhteyev, Yuri
700 _aWellman, Barry
773 _aAmerican Behavioral Scientist
908 _aN
909 _a93647
999 _c93647
_d93647